Glycolysis Regulation - Statistics

General Stats
  • This quiz has been taken 25 times
  • The average score is 8 of 21
Answer Stats
Hint Answer % Correct
Which enzyme is responsible for the conversion of Glucose into Glucose-6-Phosphate? Hexokinase
90%
Which hormone stimulates these enzymes? Insulin
62%
Which hormone has the opposite effect to the first one? Insulin
62%
Name the hormone which stimulates this enzyme Insulin
62%
Name 1 molecule which allosterically inhibits the first enzyme ATP/Citrate
57%
Name 1 molecule allosterically inhibits this enzyme ATP/Long Chain Fatty Acetyl COAs/Acetyl COA
57%
Which enzyme is responsible for the conversion of Glucose into Glucose-6-Phosphate, and is only found in the Liver? Glucokinase
52%
Which enzyme is responsible for the conversion of Phosphoenolpyruvate into pyruvate? Pyruvate Kinase
48%
Which enzyme inhibits these enzymes? Glucagon
43%
Name the hormone which inhibits the first enzyme and one of the enzymes in the enzyme complex, whilst stimulating the other enzyme in the complex? Glucagon
43%
Name the hormone which inhibits this enzyme Glucagon
43%
Which enzyme is responsible for the conversion of Fructose-6-Phosphate into Fructose-1,6-Bisphosphate?` Phosphofructokinase 1/PFK 1
43%
Which molecule allosterically inhibits the first enzyme? Glucose-6-Phosphate/G6P
29%
Which molecule allosterically inhibits the second enzyme? Fructose-6-Phosphate/F6P
24%
Where is the above enzyme found in a cell? Nucleus
19%
What is the most powerful stimulator of the first enzyme? Fructose-2,6-Bisphosphate
14%
Name an enzyme in the enzyme complex responsible for conversion of Fructose-6-Phosphate into Fructose-2,6-Bisphosphate and back. PFK 2/Phosphofructokinase 2/Fructose-1,6-Bisphosphatase
14%
How specifically does this hormone stimulate and inhibit the enzyme complex? Phosphorylation
5%
Which enzyme in the complex is stimulated via this process? Fructose-1,6-Bisphosphatase
0%
Which molecule stimulates this enzyme? Fructose-1,6-Bisphosphate
0%
In particular, what does this hormone stimulate? Synthesis
0%
No matching quizzes found
Score Distribution
Percent of People with Each Score
Percentile by Number Answered
Your Score History
You have not taken this quiz